000 00557nam a22001697a 4500
999 _c179143
_d179143
005 20210524153502.0
010 _aB-739931
035 _aB-739931
037 _bGift
082 _a500
245 _aPursuit and promotion of science :
_bthe Indian experience
260 _aNew Delhi
_bIndian National Science Academy
_c2001
270 _aBahadur Shah Zafar Marg
_bNew Delhi
_e110001
300 _a399p.:
_bill.
_c28cm(Hb)
942 _2ddc
_cEN
_h500
_mPUR